| 000 | 00390nam a2200157Ia 4500 | ||
|---|---|---|---|
| 005 | 20250325024453.0 | ||
| 008 | 240331s9999 xx 000 0 und d | ||
| 020 | _a9788189945336 | ||
| 082 |
_bLAT _a894 |
||
| 100 | _aLataa | ||
| 245 | 0 | _aNaan kolai ceyyum penkal | |
| 260 |
_aCoiambatore _bKalachuvadu pathippagam _c2004 p ., |
||
| 300 | _a104 p ., | ||
| 650 | _aShort Stories | ||
| 942 | _cL | ||
| 999 |
_c4582 _d4582 |
||